MARC details
| 000 -LEADER |
| fixed length control field |
01749cam a2200433 i 4500 |
| 001 - CONTROL NUMBER |
| control field |
200468056 |
| 003 - CONTROL NUMBER IDENTIFIER |
| control field |
TR-AnTOB |
| 005 - DATE AND TIME OF LATEST TRANSACTION |
| control field |
20260413090145.0 |
| 007 - PHYSICAL DESCRIPTION FIXED FIELD--GENERAL INFORMATION |
| fixed length control field |
ta |
| 008 - FIXED-LENGTH DATA ELEMENTS--GENERAL INFORMATION |
| fixed length control field |
260413s1966 nyu 000 1 eng |
| 010 ## - LIBRARY OF CONGRESS CONTROL NUMBER |
| LC control number |
66022289 |
| 035 ## - SYSTEM CONTROL NUMBER |
| System control number |
(CLU)150094-ucladb-Voyager |
|
| System control number |
(OCoLC)00290572 |
| Canceled/invalid control number |
(OCoLC)976992722 |
| -- |
(OCoLC)1249604146 |
|
| System control number |
(OCoLC)ocm00290572 |
|
| System control number |
(EXLNZ-01UCS_NETWORK)9912828435006531 |
|
| System control number |
(TR-AnTOB)200468056 |
| 040 ## - CATALOGING SOURCE |
| Original cataloging agency |
DLC |
| Language of cataloging |
eng |
| Description conventions |
rda |
| Transcribing agency |
WSU |
| Modifying agency |
DLC |
| -- |
CGW |
| -- |
BTCTA |
| -- |
OCLCQ |
| -- |
WPB |
| -- |
ZAD |
| -- |
DEBBG |
| -- |
OCLCF |
| -- |
OCLCQ |
| -- |
OCLCO |
| -- |
OCLCQ |
| -- |
TC@ |
| -- |
CNUTO |
| -- |
OCLCQ |
| -- |
HRY |
| -- |
OCLCQ |
| -- |
XFF |
| -- |
OCLCQ |
| -- |
CPO |
| -- |
S#L |
| -- |
OCLCQ |
| -- |
OCLCO |
| -- |
OCL |
| -- |
CBA |
| -- |
OCLCO |
| -- |
SJD |
| -- |
OCLCL |
| -- |
OCLCQ |
| -- |
TR-AnTOB |
| 041 0# - LANGUAGE CODE |
| Language code of text/sound track or separate title |
İngilizce |
| 043 ## - GEOGRAPHIC AREA CODE |
| Geographic area code |
n-us-ca |
| 050 04 - LIBRARY OF CONGRESS CALL NUMBER |
| Classification number |
PS3545.E8315 |
| Item number |
M3 1966 |
| 090 ## - LOCALLY ASSIGNED LC-TYPE CALL NUMBER (OCLC); LOCAL CALL NUMBER (RLIN) |
| Classification number (OCLC) (R) ; Classification number, CALL (RLIN) (NR) |
PS3545.E8315 |
| Local cutter number (OCLC) ; Book number/undivided call number, CALL (RLIN) |
M3 1966 |
| 100 1# - MAIN ENTRY--PERSONAL NAME |
| Personal name |
West, Jessamyn |
| Relator term |
author |
| Relator code |
aut |
| 9 (RLIN) |
153566 |
| 245 12 - TITLE STATEMENT |
| Title |
A matter of time / |
| Statement of responsibility, etc. |
by Jessamyn West. |
| 250 ## - EDITION STATEMENT |
| Edition statement |
First edition. |
| 264 #1 - PRODUCTION, PUBLICATION, DISTRIBUTION, MANUFACTURE, AND COPYRIGHT NOTICE |
| Place of production, publication, distribution, manufacture |
New York : |
| Name of producer, publisher, distributor, manufacturer |
Harcourt, Brace & World, |
| Date of production, publication, distribution, manufacture, or copyright notice |
[1966] |
| 300 ## - PHYSICAL DESCRIPTION |
| Extent |
310 pages ; |
| Dimensions |
22 cm |
| 336 ## - CONTENT TYPE |
| Content type term |
text |
| Content type code |
txt |
| Source |
rdacontent |
| 337 ## - MEDIA TYPE |
| Media type term |
unmediated |
| Media type code |
n |
| Source |
rdamedia |
| 338 ## - CARRIER TYPE |
| Carrier type term |
volume |
| Carrier type code |
nc |
| Source |
rdacarrier |
| 520 ## - SUMMARY, ETC. |
| Summary, etc. |
Two sisters, literally involved in a matter of life and death, find themselves recollecting the dreams, adventures, joys, and conflicts of their early youth. |
| 650 #0 - SUBJECT ADDED ENTRY--TOPICAL TERM |
| Topical term or geographic name entry element |
Cancer |
| General subdivision |
Patients |
| Form subdivision |
Fiction |
| 9 (RLIN) |
153231 |
|
| Topical term or geographic name entry element |
Death |
| Form subdivision |
Fiction |
| 9 (RLIN) |
86518 |
| 651 #0 - SUBJECT ADDED ENTRY--GEOGRAPHIC NAME |
| Geographic name |
California |
| Form subdivision |
Fiction |
| 9 (RLIN) |
84827 |
| 655 #7 - INDEX TERM--GENRE/FORM |
| Genre/form data or focus term |
Stream of consciousness fiction |
| Source of term |
lcgft |
| Authority record control number |
http://id.loc.gov/authorities/genreForms/gf2014026561 |
| 9 (RLIN) |
153567 |
|
| Genre/form data or focus term |
Fiction |
| Source of term |
lcgft |
| Authority record control number |
https://id.loc.gov/authorities/genreForms/gf2014026339 |
| 9 (RLIN) |
151487 |
| 942 ## - ADDED ENTRY ELEMENTS (KOHA) |
| Source of classification or shelving scheme |
Library of Congress Classification |
| Koha item type |
Book |